1868 1250 1606 1150 1520 1204 1718 1593 1605 1026 1914 1356 1099 1655 1378 1272 1542 1214 1784 1582 1036 1904 1830 1768 1680 1539 1305 1284 1322 1528 1387 1945 1323 1077 1525 1411 1446 1316 1812 1710 1878 1085 1143 1588 1308 1165 1916 1625 1269 1345 1362 1355 1071 1083 1755 1375 1040 1816 1831 1649 1519 1835 1924 1674 1162 1986 1776 1332 1012 1731 1208 1400 1567 1432 1619 1537 1894 1574 1833 1009 1267 1520 1336 1891 1267 1116 1727 1724 1733 1692 1236 1490 1602 1948 1312 1429 1952 1623 1801 BCNSPRNW ULIB Ver.6.0+V

เปลี่ยนเป็นภาษาไทย

Change to English
 แสดงรายละเอียดบรรณานุกรม
  กลับหน้าหลัก

Brief Record : Get Marc (ISO 2709) : E-mail record : QR code < ปิดหน้าต่าง
LEADER : 00000nam 2200000uu 4500
001    13399113459
003     ULIB
008    110714s2550||||th 000 0 tha d
020    9789748099491
090    นว.^bง821ส 2550
100 0  เงาตะวัน
245 00 เสน่หาในรอยทราย/^cเงาตะวัน
250    พิมพ์ครั้งที่ 1
260    กรุงเทพฯ :^bลีลา,^c2550
300    279 หน้า
710 1  ลีลา
945    ^p200^l0^i022066
995    ทศพร
999     ^aใช้งานได้ทุกระบบ
รายการนี้ยังไม่มีแท็ก
คุณยังไม่ได้ล็อกอิน คุณสามารถมีกิจกรรมร่วมกับเว็บไซต์ได้ แต่ต้องล็อกอินก่อน ::
  ล็อกอิน

รายการสื่อสารสนเทศ

ลำดับที่ ประเภท เลขเรียก/บาร์โค้ด สถานที่ สถานะ
1. นวนิยาย
นวนิยาย
นว. ง821ส 2550 ฉ.1 
  Barcode: 022066
ห้องสมุดวิทยาเขตสวรรค์ประชารักษ์
►นวนิยาย
บนชั้น
  ขอยืม

รายการใกล้เคียง
    ผู้แต่ง [เงาตะวัน]

BibComment


ยังไม่เคยถูกคอมเมนท์

คอมเมนท์ทรัพยากรรายการนี้
  คอมเมนท์: เสน่หาในรอยทราย เ..


 Copyright 2026. Bcnsprnw @Library